1896 Olympics Athens, Greece - Statistics

General Stats
  • This quiz has been taken 21 times
  • The average score is 8 of 11
Answer Stats
Total Gold Silver Bronze Nation % Correct
7 2 3 2 Great Britain
100%
47 10 18 19 Greece
100%
20 11 7 2 United States
100%
11 5 4 2 France
88%
13 6 5 2 Germany
88%
5 2 1 2 Austria
76%
2 2 0 0 Australia
71%
6 2 1 3 Hungary
65%
6 1 2 3 Denmark
53%
3 1 2 0 Switzerland
53%
2 1 0 1 Mixed Team
6%
No matching quizzes found
Score Distribution
Percent of People with Each Score
Percentile by Number Answered
Your Score History
You have not taken this quiz